| 000 | 00352nam a2200133Ia 4500 | ||
|---|---|---|---|
| 008 | 230917s9999||||xx |||||||||||||| ||und|| | ||
| 040 |
_e93261 _aMAIN |
||
| 041 | _aEnglish | ||
| 082 | _a615.842 S97U | ||
| 100 | _aShyam Sunder | ||
| 245 | 0 | _aUltrosonic evaluation of pleural and pulmonary opacities abutting chest wall | |
| 300 | _a91 p. | ||
| 942 | _cTH | ||
| 999 |
_c54762 _d54762 |
||